000 00282nam a22001217a 4500
008 170615b xxu||||| |||| 00| 0 eng d
041 _aeng
080 _a328
100 _a19
101 _aSHP
245 _aLEADER AND VANGUARD IN MASS SOCIETY
_cKIRKPATRICK.J
942 _2udc
_cBK
999 _c17444
_d17444